LEADER 01268nam--2200337---450- 001 990005889110203316 005 20130924131212.0 035 $a000588911 035 $aUSA01000588911 035 $a(ALEPH)000588911USA01 035 $a000588911 100 $a20130924d1918----km-y0itay50------ba 101 0 $aita 102 $aIT 105 $a||||||||001yy 200 1 $aQuantità e prezzi di equilibrio fra domanda ed offerta in condizioni di concorrenza, di monopolio e di sindacato tra imprenditori$econ particolari applicazioni all'industria del nitrato sodico dal 1. gennaio 1880 al 31 dicembre 1903$fAntonio Graziadei 210 $aRoma$cAthenaeum$d1918 215 $aXXI, 713 p.$d24 cm 606 0 $aDomanda [e] Offerta 676 $a330 700 1$aGRAZIADEI,$bAntonio$0119655 801 0$aIT$bsalbc$gISBD 912 $a990005889110203316 951 $aXV.2.B. 565$b4723 F.C.$cXV.2.B.$d00343029 959 $aBK 969 $aCUOMO 979 $aPALERMO$b90$c20130924$lUSA01$h1110 979 $aPALERMO$b90$c20130924$lUSA01$h1112 979 $aPALERMO$b90$c20130924$lUSA01$h1312 996 $aQuantità e prezzi di equilibrio fra domanda ed offerta in condizioni di concorrenza, di monopolio e di sindacato tra imprenditori$91074505 997 $aUNISA